000 00554nam a2200205Ia 4500
005 20260429112048.0
008 260429s9999||||xx |||||||||||||| ||und||
020 _a9781836598985
041 _aEnglish
082 _a511.1
_bSCO
100 _aScott, Lawrence
245 0 _aDiscrete mathematics and its application /
_cLawrence Scott
250 _a1st ed.
260 _aWaltham Abbey Essesx :
_bChapman Press,
_c2026.
300 _ax, 249 p.; hb
650 _a Combinatorics
650 _a Logic
650 _aDiscrete mathematics
942 _cTB
999 _c52150
_d52150